000 00514nam a2200181Ia 4500
005 20250508162059.0
008 008 250505s9999 xx 000 0 hin d
037 _aTextual
040 _aFEDL
_beng
_cFEDL
041 _ahin
_2eng
084 _a491.435, RAS
_qFEDL
100 _aRastogi Krishan Gopal
_9424814
245 0 _aPrayogatamak hindi vyakaran
260 _aNew Delhi, India
_bPitambar Book Depot
_c1976
300 _a256p.
942 _cTEXL
_h491.435, RAS
999 _c1374267
_d1374267